banner koha

MicroRNAs in veterinary cardiology (Registro n. 329710)

MARC details
000 -LÍDER
fixed length control field 03333nab a2200313 i 4500
003 - CÓDIGO MARC DA AGÊNCIA CATALOGADORA
Campo de controle BR-BrBNA
005 - DATA E HORA DA ÚLTIMA ATUALIZAÇÃO
Campo de controle 20250128151902.0
008 - CAMPO DE TAMANHO FIXO
fixed length control field 250128b2017 bl.mr|pooa||| 00| 0 eng |
040 ## - FONTE DA CATALOGAÇÃO
Agência catalogadora BR-BrBNA
Idioma da catalogação eng
072 ## - CATEGORIA AGRIS
Código AGRIS L73
072 ## - CATEGORIA AGRIS
Código AGRIS L10
072 ## - CATEGORIA AGRIS
Código AGRIS L70
100 ## - ENTRADA PRINCIPAL - NOME PESSOAL
Nome pessoal Wolf, Marcela
100 ## - ENTRADA PRINCIPAL - NOME PESSOAL
Nome pessoal Muehlbauer, Eloísa
100 ## - ENTRADA PRINCIPAL - NOME PESSOAL
Nome pessoal Sousa, Marlos Gonçalves
245 ## - TÍTULO PRINCIPAL
Título principal MicroRNAs in veterinary cardiology
500 ## - NOTA GERAL
Nota geral Publicação on-line; 30 ref.; Sumaries (En, Pt)
942 ## - ADDED ENTRY ELEMENTS (KOHA)
Koha item type Analítica
520 ## - NOTA DE RESUMO
Nota de conteúdo <br/><br/>ABSTRACT - The use of biomarkers is an important recent development in veterinary medicine. Biomarkers allow non-invasive quantification of substances with diagnostic and prognostic potential in several diseases. The microRNAs are small, non-coding RNAs that regulate gene expression and are expressed in different forms in many diseases. Reduced or over-expression of microRNAs showed to be part of the pathogenesis of some heart diseases in humans and animals. Diagnostic and therapeutic value of measuring microRNAs in veterinary cardiology is increased because abnormal expression can be managed by the use of antagonists (in the case of overexpression) and mimicking (in the case of underexpression). Thus, this literature review aimed to compile scientific evidence of dysregulation of microRNAs expression in different cardiac diseases being one of the promises in the therapeutic field and diagnosis of veterinary cardiology. MicroRNAs not only have potential as a biomarker but may also help in elucidation of aspects of the pathogenesis of a variety of diseases.<br/><br/>Key words: molecular biology, genetic, biomarker, heart failure.
520 ## - NOTA DE RESUMO
Nota de conteúdo <br/><br/>RESUMO - Os biomarcadores vêm crescendo na medicina veterinária, pois permitem, de forma não invasiva, a quantificação de substâncias com potencial para avaliação prognóstica e diagnóstica em diversas doenças. Os microRNAs são pequenos RNAs não codificantes que regulam a expressão de genes e são expressos de diferentes formas em diversas doenças. A sua super ou subexpressão já foi evidenciada como parte da patogênese de cardiopatias em seres humanos e animais. O controle dessa anormalidade de expressão pode ser obtido pela utilização de antagonistas (em casos de superexpressão) e mimetizadores (em casos de subexpressão). Dessa forma, esta revisão de literatura tem como objetivo compilar as evidências científicas da desregulação da expressão de microRNAs nas diferentes doenças cardíacas, sendo essa uma das promessas no campo terapêutico e diagnóstico da cardiologia veterinária, permitindo não só a sua utilização como biomarcador, mas também com aspecto elucidativo da patogênese de diversas doenças.<br/><br/>Palavras-chave: biologia molecular, genética, biomarcador, insuficiência cardíaca.
650 ## - ASSUNTO - THESAGRO
Cabeçalho tópico ou nome geográfico DOENÇA ANIMAL
650 ## - ASSUNTO - THESAGRO
Cabeçalho tópico ou nome geográfico CARDIOPATIA
650 ## - ASSUNTO - THESAGRO
Cabeçalho tópico ou nome geográfico VETERINÁRIA
650 ## - ASSUNTO - THESAGRO
Cabeçalho tópico ou nome geográfico BIOLOGIA MOLECULAR
650 ## - ASSUNTO - THESAGRO
Cabeçalho tópico ou nome geográfico GENÉTICA
773 0# - ENTRADA ANALÍTICA
Host Biblionumber 2408
Registro do item 346533
Imprenta Santa Maria-RS Universidade Federal de Santa Maria - Centro de Ciências Rurais 1991
Outro identificador 2024-7204
Título Ciência Rural (Brazil)
ISSN 0103-8478 Versão online ISSN 1678-4596
Colação v. 47(7) p. 1-7 ; (2017)
Número de controle de registro BR2024004260
856 ## - ACESSO E ENDEREÇO ELETRÔNICO
Identificador uniforme de recurso - URI https://www.scielo.br/j/cr/a/KJqsM9wKK4R7qLc5j9jVTwN/?format=pdf&lang=en

Nenhum exemplar disponível.

BINAGRI

Telefone: (61)3218-2567/2388/3357/2097 - binagri@agro.gov.br

Ministério da Agricultura e Pecuária , Esplanada dos Ministérios, Bloco D, Anexo B, Brasília/DF, CEP: 70.043-900